Cenové rozhodovanie firmy. Cenotvorba založená na vnímaní hodnoty spotrebiteľom dizertačná práca

Uložené v:
Podrobná bibliografia
Hlavný autor: Kintler, Jakub, 1979-
Korporativný autor: Fakulta podnikového manažmentu EU. Katedra podnikovohospodárska
Ďalší autori: Fendeková, Eleonora, 1952-
Médium: Kniha
Jazyk:Slovak
Vydavateľské údaje: Bratislava 2011
Predmet:
Tagy: Pridať tag
Žiadne tagy, Buďte prvý, kto otaguje tento záznam!

MARC

LEADER 00000nam a2200000 4500
001 0134740
005 20240502072519.2
041 0 |a slo 
044 |a SK 
245 1 0 |a Cenové rozhodovanie firmy. Cenotvorba založená na vnímaní hodnoty spotrebiteľom  |b dizertačná práca  |c Jakub Kintler ; školiteľ: Eleonora Fendeková 
264 1 |a Bratislava  |c 2011 
300 |a 173 s. 
610 2 0 |a ceny 
610 2 0 |a tvorba cien 
610 2 0 |a hodnota 
100 1 |a Kintler, Jakub, 1979- 
700 1 |a Fendeková, Eleonora, 1952- 
710 2 |a Fakulta podnikového manažmentu EU. Katedra podnikovohospodárska